000 00367nam a2200145Ia 4500
005 20260328101519.0
008 260328s9999||||xx |||||||||||||| ||und||
100 _aNoriega Santos, Jorge
245 0 _aTrayectoria critica /
_cJorge Noriega Santos
250 _a1a ed.
260 _bEscala
300 _a192 p.
650 _aCONSTRUCCIÓN - PLANEAMIENTO
942 _cBK
999 _c9507
_d9507